| 000 -LEADER |
| fixed length control field |
00397nam a22001337a 4500 |
| 003 - CONTROL NUMBER IDENTIFIER |
| control field |
OSt |
| 005 - DATE AND TIME OF LATEST TRANSACTION |
| control field |
20210705112304.0 |
| 008 - FIXED-LENGTH DATA ELEMENTS--GENERAL INFORMATION |
| fixed length control field |
210705b ||||| |||| 00| 0 eng d |
| 020 ## - INTERNATIONAL STANDARD BOOK NUMBER |
| International Standard Book Number |
9781568989778 |
| 082 ## - DEWEY DECIMAL CLASSIFICATION NUMBER |
| Classification number |
711.4 |
| Item number |
CUF |
| 100 ## - MAIN ENTRY--PERSONAL NAME |
| Personal name |
Cuff, Dana, 1953-; Cuff, Dana, 1953-; Sherman, Roger, 1958- |
| 245 ## - TITLE STATEMENT |
| Title |
Fast-forward urbanism : rethinking architecture's engagement with the city |
| 942 ## - ADDED ENTRY ELEMENTS (KOHA) |
| Source of classification or shelving scheme |
|